000 00801cam a22002651 4500
001 sa 68001404
003 DLC
005 20260227112433.0
008 890914s1962 ii b 000 0 urdr
010 _asa 68001404
035 _a(OCoLC)20339686
040 _aDLC
_cWaU
_dDLC
041 0 _aurdara
043 _aa-ii---
050 0 0 _aDS459.5
_b.I2 1962
100 2 _aIbn Faḍl Allāh al-ʻUmarī, Aḥmad ibn Yaḥyá,
_d1301-1349.
245 1 0 _aTārīkh-i Hind par naʼī raushnī.
260 _aDelhi,
_c[1962]
300 _a4, 62, 96 p.
_bmaps.
_c25 cm.
500 _aArabic and Urdu.
600 0 0 _aMuhammad Shah Tughluq
_bI,
_d-1351.
651 0 _aIndia
_xPolitics and government
_y997-1765.
700 1 _aFariq, Kurshid Ahmad,
_d1920-
740 0 _aḌawʼ jadīd ʻalā tārīkh al-Hind.
999 _c77921
_d77921